000 00637nam a2200265 a 4500
001 nice12345678
003 IN_TiNIC
005 20260116013211.0
008 050524s1985 newa grp 000 0 eng
020 _a1569243
_c416
082 0 0 _a291.211014
_bSCH
100 _aScharlemann, Robert P
245 _aNaming God.
260 _aNew York
_bParagon House Publishers
_c1985
300 _a188p
500 _aincludes index and biblioraphy
505 2 _aIndex
650 _aGod
650 _aTrinity
650 _aScharlemann
700 1 _aScharlemann, Robert P
902 _bSRS
942 _cBK
999 _c10090
_d10090